000 01574cam a22001934a 4500
005 20250605164034.0
008 250528s ||||||||||||||||||||||||d
035 _a16753
020 _a9601404023
040 _aGR-AtMCL
_bgre
_dGR-AtMCL
_eAACR2
245 1 _aΜοιράϊδα / Μια Μοίρα σαν Νεράϊδα
260 _bΑ. Α. Λιβάνη,
_c2001
300 _a480
520 _aΥπάρχει άραγε προδιαγεγραμμένο πεπρωμένο ή τη Μοίρα μας τη φτιάχνουμε εμείς; Η ζωή είναι πορεία κυκλική - κύκλοι μικροί μέσα σε μεγαλύτερους. Γιατί η γή είναι μια σφαίρα που γυρίζει κι ό,τι δεν πρόλαβε μπορεί να ξανάρθει. Ιστορίες με Γάτους, Ο Σοφοκλής και ο Σερέντουα, Στάλα σαν Θάλασσα, Σταθμάρχης με δύο σταθμά, Σε Βαθιά Νερά, Ραπτική και Μαντική, Σκουπίδια Έρωτας,Κορμανδία, Ο Μαγικός Διακόπτης, Η Στροφη, Ένας Κοινός Κυνόδοντας, Ένας Γενναίος Πολεμιστης, Ιλάν, Η Τόλμη Πάλι, Η Τελευταία Συγκίνηση της Ημέρας, Ψηλαφιστά την Ηδονή, Εις Οιωνός Άριστος, Ένα Αλλιώτικο Μάθημα, Ο Κόσμος Ολόκληρος.
700 1 _aΟμηρόλη Εύα
_92843
942 _cBK
999 _c2222
_d2222